000
00295nam a22001337a 4500
008
181205b xxu||||| |||| 00| 0 eng d
020
_a
9781574390742
041
_a
eng
080
_a
610
100
_a
4
101
_a
shm
245
_a
Drug Facts And Comparisom
_c
Robert.p
942
_2
udc
_c
BK
999
_c
52891
_d
52891